000 00756nam a22001817a 4500
005 20120419123534.0
020 _c75.00
_a
035 _aA-934620
037 _b
_adpl
082 _a370.71
100 _aसक्सेना,एन.आर.
_945397
245 1 _aअध्यापक शिक्षा /
_cएन.आर.सक्सेना
260 _aमेरठ
_bआर.लाल.बुक डिपो
_c1997
270 _a
_b
_e
_k
300 _aवि.पृ.
_c22सेमी (अजिल्द)
942 _adpl
_cHN
_k
_2ddc
_h370.71
_mसक्सेना
999 _c65276
_d65276